000 00437nam a2200169Ia 4500
008 180921t2016 xxu||||| |||| 00| 0 sin d
041 _asin
080 _aX92
_bSIL
100 _aSilva,Kamala
245 _aනිශ්ශංකමල්ල රජතුමා
246 _aNissankamalla Rajatuma
260 _bSumitha Publishers
_a
_c2016
300 _b18cm
942 _cBK
999 _c5124
_d5124
003 LK-CoDNM
040 _aLK-CoDNM
_dLK-CoDNM
_eLK-CoDNM